[Event "Challenge"]
[Site "http://www.queenalice.com/game.php?id=1867802"]
[Date "2026.1.9"]
[Round "-"]
[White "Carlos19"]
[Black "Mr_SPOCK"]
[Result "0-1"]
[WhiteElo "1748"]
[BlackElo "1855"]

1. e4 e5 2. Nf3 Nf6 3. Bc4 Bc5 4. h3 O-O 5. d3 Nc6 6. Nc3 d6 7. O-O Bxh3 8. gxh3
Nh5 9. Ng5 Ng3 10. Re1 Qf6 11. Rf1 h6 12. Nf3 Qg6 13. Nh4 Qf6 14. Kh2 Bxf2 15.
Qf3 Nxf1+ 16. Kg2 Qxh4 17. Kxf1 Bg3 18. Kg2 Bf4 19. Bxf4 exf4 20. Nd5 Qg5+ 21.
Kh2 Nd4 22. Qg4 Qe5 23. Nxc7 f3+ 24. Kg1 Ne2+ 25. Kf2 Qf6 26. Nxa8 g6 27. Qxf3
Nf4 28. Kg3 Nh5+ 29. Kf2 Qh4+ 30. Qg3 Qxg3+ 31. Ke2 Nf4+ 32. Kd2 Qf2+ 33. Kc3
Ne2+ 34. Kb3 Rxa8 35. Bd5 Qb6+ 36. Ka4 Qxb2 37. Rf1 Nc3+ 38. Ka5 Qb5# 0-1

[Event "Challenge"]
[Site "http://www.queenalice.com/game.php?id=1867810"]
[Date "2026.1.9"]
[Round "-"]
[White "TammieM3ENF"]
[Black "Mr_SPOCK"]
[Result "0-1"]
[WhiteElo "1381"]
[BlackElo "1827"]

1. e4 e5 2. Nf3 Nf6 3. b4 Bxb4 4. c3 Bc5 5. a4 d5 6. c4 Nxe4 7. d3 Nxf2 8. Qd2
Nxh1 9. d4 exd4 10. cxd5 O-O 11. d6 Qxd6 12. a5 Bb4 13. a6 Bxd2+ 14. Nfxd2 Re8+
15. Be2 Bg4 16. Ne4 Rxe4 17. h3 Rxe2+ 18. Kd1 Nf2# 0-1

[Event "Challenge"]
[Site "http://www.queenalice.com/game.php?id=1868092"]
[Date "2026.1.16"]
[Round "-"]
[White "altair"]
[Black "Mr_SPOCK"]
[Result "0-1"]
[WhiteElo "1811"]
[BlackElo "1820"]

1. e4 e5 2. Nf3 Nf6 3. d3 Bb4+ 4. Bd2 Bc5 5. h3 d6 6. c3 O-O 7. a4 a5 8. Be2 c6
9. O-O Bxh3 10. gxh3 Nh5 11. b4 Bb6 12. d4 Qf6 13. Kh2 exd4 14. cxd4 Bc7 15. b5
d5+ 16. e5 cxb5 17. Kh1 Qf5 18. Ng1 g5 19. Bg4 Qe4+ 20. Nf3 Ng7 21. Nc3 Qg6 22.
Nxb5 Bb6 23. Be3 h6 24. Qb3 Rd8 25. Nc3 Ra6 26. Ne1 Nc6 27. Nc2 f5 28. Bf3 h5
29. Bxd5+ Kh8 30. Rg1 g4 31. h4 Rf8 32. Bf4 Bxd4 33. Bxc6 Qxc6+ 34. Kh2 Qf3 35.
Bd2 Qh3# 0-1

[Event "Challenge"]
[Site "http://www.queenalice.com/game.php?id=1868262"]
[Date "2026.1.21"]
[Round "-"]
[White "Mr_SPOCK"]
[Black "altair"]
[Result "0-1"]
[WhiteElo "1875"]
[BlackElo "1771"]

1. e4 e5 2. Bc4 Nf6 3. d3 c6 4. Nc3 a6 5. Bg5 h6 6. Bh4 Be7 7. Nf3 d6 8. O-O O-O
9. a4 Nfd7 10. d4 Bxh4 11. dxe5 dxe5 12. Qd6 Be7 13. Qg6 Nb6 14. Bb3 Bf6 15.
Rad1 Qe7 16. a5 N6d7 17. Rd3 Kh8 18. Qh5 Nc5 19. Bc4 Nxd3 20. cxd3 Be6 21. g4
Bxc4 22. dxc4 Nd7 23. h4 g6 24. Qxh6+ Kg8 25. h5 Bg7 26. Qe3 Kh7 27. g5 f5 28.
hxg6+ Kxg6 29. Nh4+ Kf7 30. Nxf5 Qe6 31. Qf3 Kg8 32. Kg2 Qg6 33. Ne7+ Kh7 34.
Rh1+ Bh6 35. Rxh6+ Qxh6 36. Qg4 Rf4 37. g6+ Kh8 38. g7+ Qxg7 39. Ng6+ Kg8 40.
Qe6+ Kh7 41. Qh3+ Kg8 42. Qe6+ Rf7 43. Kf1 Re8 44. Qg4 Ref8 45. Ne2 Rxf2+ 46.
Ke1 Rf1+ 47. Kd2 Qh6+ 48. Ngf4+ Kf7 49. Qxd7+ Kg8 50. Kc3 Rf3+ 51. Kb4 exf4 52.
Kc5 Qg5+ 53. Kb4 Rf7 54. Qd6 Re3 55. Nd4 Qe7 56. c5 Qxd6 57. cxd6 f3 58. Nf5
Rxe4+ 59. Kc3 Rxf5 60. d7 Rd5 61. d8=Q+ Rxd8 62. b4 f2 63. b5 f1=Q 64. bxc6 Rd3+
65. Kc2 Qe2+ 66. Kc1 Rd1# 0-1

[Event "Challenge"]
[Site "http://www.queenalice.com/game.php?id=1868386"]
[Date "2026.1.24"]
[Round "-"]
[White "TammieM3ENF"]
[Black "Mr_SPOCK"]
[Result "0-1"]
[WhiteElo "1377"]
[BlackElo "1869"]

1. d4 d5 2. Bd2 Nf6 3. e3 Bg4 4. f3 Bh5 5. g4 Bg6 6. c4 e6 7. f4 h5 8. f5 exf5
9. g5 Ng4 10. e4 dxe4 11. d5 e3 12. Bc3 Nf2 13. Qe2 f4 14. c5 Qxd5 15. b4 Nc6
16. b5 Bd3 17. Qb2 Bxf1 18. Kxf1 Qxh1 19. bxc6 bxc6 20. Qb7 Rd8 21. Qxa7 f3 22.
Qxc7 Rd1+ 23. Be1 Qg2# 0-1

[Event "Challenge"]
[Site "http://www.queenalice.com/game.php?id=1868835"]
[Date "2026.2.3"]
[Round "-"]
[White "Mr_SPOCK"]
[Black "Carlos19"]
[Result "1-0"]
[WhiteElo "1836"]
[BlackElo "1793"]

1. e4 e5 2. Qh5 Bd6 3. Bc4 Qf6 4. Nc3 Bc5 5. Nh3 d6 6. O-O g6 7. Qf3 Qxf3 8.
gxf3 Nc6 9. Kg2 Bxh3+ 10. Kxh3 Nb4 11. Nb5 Bb6 12. a3 Nxc2 13. Rb1 a6 14. Nc3
Bd4 15. Nd5 O-O-O 16. a4 c6 17. Bb3 cxd5 18. Bxc2 Ne7 19. b4 b5 20. exd5 Nxd5
21. axb5 Nf4+ 22. Kg3 Ne2+ 23. Kg4 h5+ 24. Kg5 Nxc1 25. Rbxc1 Bb2 26. Rb1 Bd4
27. bxa6 d5 28. Rbc1 h4 29. Bf5+ Kb8 30. Bd3 Rh5+ 31. Kf6 e4+ 32. Ke7 Rc8 33.
fxe4 dxe4 34. Rxc8+ Kxc8 35. Rc1+ Kb8 36. Kd7 exd3 37. Rc7 Bxf2 38. Kd6 Rb5 39.
Rxf7 Bd4 40. Kc6 Rxb4 41. Rf3 Rb3 42. Kd5 Bg1 43. h3 Ra3 44. Ke4 Rxa6 45. Rf8+
Kc7 46. Kxd3 Ra3+ 47. Ke4 Rxh3 48. d4 Rd3 49. Rf7+ Kd8 50. d5 h3 51. Ke5 h2 52.
Rh7 g5 53. Ke6 Rd2 54. d6 Re2+ 55. Kd5 g4 56. Kc6 Rc2+ 57. Kd5 g3 58. Ke6 g2 59.
Rh8# 1-0

[Event "Challenge"]
[Site "http://www.queenalice.com/game.php?id=1869036"]
[Date "2026.2.9"]
[Round "-"]
[White "TammieM3ENF"]
[Black "Mr_SPOCK"]
[Result "0-1"]
[WhiteElo "1333"]
[BlackElo "1843"]

1. d4 d5 2. Nc3 Nf6 3. e4 Nxe4 4. Nf3 e6 5. Be2 Bb4 6. O-O Nc6 7. Bd2 O-O 8. a4
a5 9. b3 Qf6 10. Rb1 Bxc3 11. b4 axb4 12. Rb3 Nxd4 13. Qc1 Nxe2+ 14. Kh1 Nxc1
15. Bxc1 e5 16. Rg1 Nxf2# 0-1

[Event "Challenge"]
[Site "http://www.queenalice.com/game.php?id=1870072"]
[Date "2026.3.5"]
[Round "-"]
[White "TammieM3ENF"]
[Black "Mr_SPOCK"]
[Result "0-1"]
[WhiteElo "1306"]
[BlackElo "1863"]

1. d4 d5 2. c3 Nc6 3. Nf3 Nf6 4. b4 Bg4 5. c4 e6 6. b5 Bb4+ 7. Bd2 Bxd2+ 8.
Nbxd2 Nb4 9. a4 Qd6 10. c5 Qf4 11. a5 a6 12. bxa6 bxa6 13. c6 Nxc6 14. e3 Qd6
15. Rc1 O-O 16. e4 Nxd4 17. e5 Qb4 18. Bd3 Nxf3+ 19. gxf3 Bh3 20. Rxc7 Nh5 21.
f4 Nxf4 22. Rg1 Ng2+ 23. Rxg2 Bxg2 24. f4 Qxf4 25. Rb7 Qxh2 26. Nb3 Qg1+ 27. Bf1
Qxf1+ 28. Kd2 Qf4+ 29. Kc3 Rac8+ 30. Nc5 Rxc5+ 31. Kd3 Bf1+ 32. Qe2 Bxe2+ 33.
Kxe2 Rc2+ 34. Kd3 Qd2# 0-1

[Event "Challenge"]
[Site "http://www.queenalice.com/game.php?id=1870144"]
[Date "2026.3.6"]
[Round "-"]
[White "altair"]
[Black "Mr_SPOCK"]
[Result "1-0"]
[WhiteElo "1777"]
[BlackElo "1855"]

1. e4 e5 2. Nf3 Nc6 3. a3 Bc5 4. d3 d6 5. h3 Nf6 6. c3 O-O 7. a4 a5 8. b3 Be6 9.
Bb2 d5 10. d4 exd4 11. e5 Ne4 12. cxd4 Bb4+ 13. Nbd2 f6 14. Ba3 Bc3 15. Rc1 Nxd4
16. Bxf8 Qxf8 17. Bd3 Bxd2+ 18. Nxd2 Qb4 19. Bxe4 dxe4 20. O-O fxe5 21. Rb1 Qc5
22. Nxe4 Qb4 23. Nd2 g6 24. Re1 Nc6 25. Nf3 Qb6 26. Nxe5 Kg7 27. Nxc6 Qxc6 28.
Qd4+ Kh6 29. Rbc1 Qa6 30. Qf4+ g5 31. Qf6+ Kh5 32. g4+ Bxg4 33. hxg4+ Kh4 34.
Qf7 Kxg4 35. Re4+ Kh3 36. Qh5# 1-0

[Event "Challenge"]
[Site "http://www.queenalice.com/game.php?id=1870341"]
[Date "2026.3.11"]
[Round "-"]
[White "Carlos19"]
[Black "Mr_SPOCK"]
[Result "0-1"]
[WhiteElo "1763"]
[BlackElo "1850"]

1. e4 e5 2. Nf3 Nc6 3. Bc4 Nf6 4. Ng5 d5 5. exd5 Nxd5 6. d3 Bc5 7. Qh5 g6 8. Qh6
Qf6 9. O-O Bf8 10. Ne4 Qd8 11. Qg5 Be7 12. Qd2 f5 13. Bxd5 Qxd5 14. c4 Qd7 15.
a3 fxe4 16. dxe4 Nd4 17. Qc2 Nxc2 18. Ra2 Nd4 0-1

[Event "Challenge"]
[Site "http://www.queenalice.com/game.php?id=1870777"]
[Date "2026.3.21"]
[Round "-"]
[White "Mr_SPOCK"]
[Black "Carlos19"]
[Result "1-0"]
[WhiteElo "1867"]
[BlackElo "1678"]

1. e4 e5 2. Qh5 Nc6 3. Bc4 g6 4. Qf3 f6 5. d3 Nd4 6. Qd1 d6 7. Nf3 Nxf3+ 8. Qxf3
a6 9. Nc3 b5 10. Bd5 g5 11. Qh5+ Kd7 12. Qf7+ Be7 13. a4 b4 14. Bxa8 a5 15. Nb5
Nh6 16. Qd5 c6 17. Bxc6# 1-0

[Event "Challenge"]
[Site "http://www.queenalice.com/game.php?id=1870790"]
[Date "2026.3.21"]
[Round "-"]
[White "Mr_SPOCK"]
[Black "TammieM3ENF"]
[Result "1-0"]
[WhiteElo "1865"]
[BlackElo "1327"]

1. e4 e5 2. Nf3 Nf6 3. Nc3 Nc6 4. Bc4 d5 5. exd5 Nd4 6. Nxe5 Bg4 7. f3 Bf5 8.
O-O g5 9. Re1 g4 10. Nc6+ Be7 11. Nxd8 Kxd8 12. Rxe7 Kxe7 13. Qe1+ Kd6 14. d3
gxf3 15. Bf4+ Kc5 16. Na4# 1-0

[Event "Challenge"]
[Site "http://www.queenalice.com/game.php?id=1871295"]
[Date "2026.4.1"]
[Round "-"]
[White "TammieM3ENF"]
[Black "Mr_SPOCK"]
[Result "0-1"]
[WhiteElo "1292"]
[BlackElo "1848"]

1. d4 Nf6 2. c4 d5 3. c5 Nc6 4. a4 Bg4 5. a5 Nb4 6. Ra4 e5 7. Bd2 Nd3+ 8. exd3
Bxd1 9. Kxd1 exd4 10. a6 b6 11. cxb6 cxb6 12. b4 b5 13. Ra5 Ng4 14. f3 Nf2+ 15.
Kc2 Rc8+ 16. Kb2 Nd1+ 17. Kb3 Rc3+ 18. Nxc3 Bxb4 19. Kxb4 Qd6+ 20. Kxb5 Qb6+ 21.
Ka4 Nb2+ 22. Ka3 Qxa5+ 23. Kxb2 O-O 24. Nge2 Rb8+ 25. Kc1 Qa1+ 26. Kc2 Rb2# 0-1

[Event "Challenge"]
[Site "http://www.queenalice.com/game.php?id=1871757"]
[Date "2026.4.9"]
[Round "-"]
[White "Mr_SPOCK"]
[Black "crisvolei"]
[Result "1-0"]
[WhiteElo "1842"]
[BlackElo "1587"]

1. e4 e5 2. Qh5 Qf6 3. Bc4 g6 4. Qh3 Bc5 5. Nf3 Qf4 6. Nc3 h5 7. d4 Qg4 8. Bxf7+
Kxf7 9. Nxe5+ Kg7 10. Nxg4 hxg4 11. Qxg4 Bxd4 12. Nd5 Nh6 13. Qg5 d6 14. Nf4 Kf8
15. Nxg6+ Ke8 16. Qe7# 1-0

[Event "Challenge"]
[Site "http://www.queenalice.com/game.php?id=1871758"]
[Date "2026.4.9"]
[Round "-"]
[White "crisvolei"]
[Black "Mr_SPOCK"]
[Result "0-1"]
[WhiteElo "1593"]
[BlackElo "1836"]

1. e4 f5 2. exf5 e5 3. h4 Nf6 4. Nf3 e4 5. Ne5 d6 6. Nc4 d5 7. Ne5 Bc5 8. d4
Bb4+ 9. c3 Ba5 10. b4 Bxf5 11. bxa5 Bg4 12. Nxg4 O-O 13. Nxf6+ Qxf6 14. Bg5
Qxf2# 0-1

[Event "Challenge"]
[Site "http://www.queenalice.com/game.php?id=1872018"]
[Date "2026.4.15"]
[Round "-"]
[White "Mr_SPOCK"]
[Black "crisvolei"]
[Result "1-0"]
[WhiteElo "1852"]
[BlackElo "1558"]

1. e4 e5 2. Bc4 Nh6 3. d4 Qh4 4. Qf3 d5 5. Bxd5 Bg4 6. Qb3 Nd7 7. Bxh6 Qxh6 8.
Bxf7+ Kd8 9. Nd2 b6 10. Ngf3 exd4 11. O-O-O a5 12. h3 Ne5 13. hxg4 Qf4 14. Qd5+
Nd7 15. Qxa8+ Ke7 16. Qe8+ Kd6 17. Qe6+ Kc5 18. Rh5+ Ne5 19. Qd5+ Kb4 20. a3+
Ka4 21. Rxe5 Bc5 22. Qb3# 1-0